Statistics for Beşiktaş Scorers in 2010s Champions League

Click here to take the quiz!

General Stats

  • This quiz has been taken 255 times
  • The average score is 6 of 11

Answer Stats

PlayerNationGls% Correct
Ricardo QuaresmaPortugal3
94%
Vincent AboubakarCameroon3
90%
TaliscaBrazil5
88%
Cenk TosunTurkey5
86%
Ryan BabelNetherlands2
67%
AdrianoBrazil1
50%
BobôBrazil1
49%
Álvaro NegredoSpain1
43%
Rodrigo TelloChile1
27%
Vágner LoveBrazil1
21%
Ekrem DağAustria1
14%

Score Distribution

Percentile by Number Answered

Percent of People with Each Score

Your Score History

You have not taken this quiz